00813 2200265 4500001002100000005001700021008004100038035002400079041000800103043001200111082001100123090001800134100002000152245009500172250001000267260003600277300002400313440003300337500005200370650002400422700004900446850001200495990002000507990002000527YOGYA-0209000003823020090227025336.0 ind  0010-020900000038230 aInd aYOPDYOG a297.18 a297.18bAsr M aASROR, Miftahul aMabrur sebelum hajicSyaikh Zainuddin bin Abdul Aziz Al-Malebari; penyadur, Miftahul Asror aCet.1 aYogyakartabMitra Pustakac2005 axii, 221 hlmc22 cm aSeri kisah dari kitab klasik aJudul asli : Irsyradul ibaad Ila sabulir rasyad aCerita-cerita Islam aZainuddin bin Abdul Aziz Al Malibari, Syaikh aYOPDYOG a9937-PD/B.05b1 a9938-PD/B.05b1